000 00581nam a2200181Ia 4500
008 090630s9999 xx 000 0 und d
082 _b21132
100 _aवर्तक उषा.
245 _aचटकदार गोष्टी.
_cवर्तक उषा.
260 _bशकुन - पुणे.
300 _a79
600 _aवर्तक उषा.
630 _aचटकदार गोष्टी.
655 _aबालवाङमय.
700 _aवर्तक उषा.
730 _aचटकदार गोष्टी.
942 _cBOOK
999 _c272988
_d272988